Introduction to the Civilization of India (Record no. 12607)

MARC details
000 -LEADER
fixed length control field 00639nam a2200229 a 4500
020 ## - INTERNATIONAL STANDARD BOOK NUMBER
ISBN
082 00 - DEWEY DECIMAL CLASSIFICATION NUMBER
Classification number 909.0491411
Author Cutter UNI
245 ## - TITLE STATEMENT
Title Introduction to the Civilization of India
Sub title Changing Dimensions of Indian So
260 ## - PUBLICATION, DISTRIBUTION, ETC. (IMPRINT)
Place of publication Chicago
Name of publisher University of Chicago Press
Year of publication 1957
300 ## - PHYSICAL DESCRIPTION
Number of Pages 472p
500 ## - GENERAL NOTE
General note includes index and biblioraphy
505 2# - FORMATTED CONTENTS NOTE
Formatted contents note Appendix, References, Index
650 ## - SUBJECT ADDED ENTRY--TOPICAL TERM
Topical Term Civilization-India
942 ## - ADDED ENTRY ELEMENTS (KOHA)
Koha item type Books
Holdings
Home library Current library Date acquired Cost, normal purchase price Full call number Accession Number Koha item type
Henry Martyn Institute Library Henry Martyn Institute Library 06/05/2007 245.00 909.0491411 UNI 016170 E-Books
                   Copyright © 2026 | Henry Martyn Institute | Hyderabad | TS-500052 | INDIA | Implemented by hmi.edu.in
Hit-Count:

Powered by Koha